000
00284nam a2200121 a 4500
008
100914s1977|||| d
100
1
_a
Dônčová, Zlata
245
1
0
_a
Ondrejová kráľovná
260
_a
Bratislava
_c
1977
_b
Tatran
020
_c
26
044
_a
xo
_c
SK
041
_a
slo
999
_c
10311
_d
10311